Úlohy vedeckej organizácie práce pri vývoji a zavádzaní nových výrobkov do výroby

Bibliographic Details
Main Author: Feig, Rolf (Author)
Format: Article
Language:Slovak
Subjects:

MARC

LEADER 00000nab a2200000 a 4500
001 vtls000216001
003 SK-MaSNL
005 20260304055809.0
008 250422c1985 xo 0 slo
015 |a SNBRB19rr/mm-uuuuu 
035 |a CL0226115 
035 |a urn:nbn:sk:snk-aba4n2 
035 |a (urnnbn)urn:nbn:sk:snk:ar-a09g0v 
035 |a (uuid)105e27ae-5c76-438c-94b5-624c8016322c 
040 |a SNKBUCL  |b slo  |c SNKBUCL  |e AACR2 
041 0 |a slo 
044 |a xo  |c SK 
080 |a 658.52:331.87:005  |2 1981 
080 |a 331.87  |2 1981 
080 |a 005  |2 1981 
100 1 |a Feig, Rolf  |4 aut  |9 1342063 
245 1 0 |a Úlohy vedeckej organizácie práce pri vývoji a zavádzaní nových výrobkov do výroby  |c Rolf Feig 
300 |b Lit. 8 zázn. v nem. 
650 0 7 |a priemysel  |2 snkbucl  |9 1618 
650 0 7 |a vedecká organizácia práce  |2 snkbucl  |9 322690 
655 7 |a články z novín a časopisov  |2 snkbucl  |9 267496 
773 0 |t Ekonomika práce  |g Č. 1 (1985), s. 62-66 
850 |a Slovenská národná knižnica 
852 |a Slovenská národná knižnica 
954 |a odborná, vedecká literatúra pôvodná (slovenská)  |2 lita 
958 |a article13 
958 |a OND 
958 |a RK 
958 |a NB 
958 |a DE 
958 |a EUIPO 
992 |a RBX 
999 |c 2726321  |d 2728251